000 00410nam a2200157Ia 4500
008 220216s9999 xx 000 0 und d
100 _aThomas P O
245 0 _aMalaysian NR in the seventies : A forecast of production trends
260 _bPlanters Bulletin
_c1970
300 _a186-199
650 _aMalaysia
650 _aNatural rubber
650 _aRubber production
650 _aYield
942 _cJS
999 _c62391
_d62391